000 00931nam a2200265Ia 4500
005 20240530110934.0
008 140319s2007 xx 000 0 ara d
020 _a9772158787
040 _aGCL /
_cGCL
082 0 4 _a362.29 /
_bم ب
100 1 _aمحمد حسن غانم
245 1 0 _aبحوث ميدانية فى تعاطى المخدرات :
_cتاليف محمد حسن غانم
250 _aالاولى
260 _aالقاهرة :
_bدار غريب للطباعة والنشر والتوزيع،
_c2007
300 _a317 ص ؛
_c24 سم
650 0 4 _aادمان المخدرات
650 0 4 _aالمخدرات والشباب
650 0 4 _aمكافحة المخدرات
650 0 4 _aالمخدرات والجريمة
650 0 4 _aالفساد الاجتماعى
650 0 4 _aالمراهقة
650 0 4 _aالادمان
942 _2ddc
_cBK
999 _c66704
_d66704